ბათუმის შოთა რუსთაველის სახელმწიფო უნივერსიტეტის ბიბლიოთეკა

აგროქიმია. (ბიბ.ჩანაწერი № 44702)

000 -LEADER
fixed length control field 00742nam a2200229Ia 4500
001 - CONTROL NUMBER
control field 11507
003 - CONTROL NUMBER IDENTIFIER
control field GE_BSU
008 - FIXED-LENGTH DATA ELEMENTS--GENERAL INFORMATION
fixed length control field 181216s||||||||xx |||||||||||||| ||und||
040 ## - CATALOGING SOURCE
Transcribing agency GE_BSU
080 ## - UNIVERSAL DECIMAL CLASSIFICATION NUMBER
Universal Decimal Classification number 63:54(075.32)+631.8(075.32)
100 ## - MAIN ENTRY--PERSONAL NAME
Personal name მენაღარიშვილი,ა.
245 ## - TITLE STATEMENT
Title აგროქიმია.
245 ## - TITLE STATEMENT
Remainder of title სახელმძღვ.სას.სამ.ტექნიკუმებისათვის.
245 ## - TITLE STATEMENT
Statement of responsibility, etc. რედ:დ.სალუქვაძე.
260 ## - PUBLICATION, DISTRIBUTION, ETC.
Place of publication, distribution, etc. თბილისი.
260 ## - PUBLICATION, DISTRIBUTION, ETC.
Name of publisher, distributor, etc. განათლება.
260 ## - PUBLICATION, DISTRIBUTION, ETC.
Date of publication, distribution, etc. 1966.
300 ## - PHYSICAL DESCRIPTION
Extent 432გვ;21სმ.
300 ## - PHYSICAL DESCRIPTION
Accompanying material ცხრილები.
653 ## - INDEX TERM--UNCONTROLLED
Uncontrolled term აგროქიმია.
942 ## - ADDED ENTRY ELEMENTS (KOHA)
Koha item type წიგნი
ეგზემპლარები
Withdrawn status Lost status Damaged status Not for loan Date acquired Barcode Date last seen Price effective from Koha item type
        2018-12-17 20073 2018-12-17 2018-12-17 წიგნი
        2018-12-17 20074 2018-12-17 2018-12-17 წიგნი
        2018-12-17 20075 2018-12-17 2018-12-17 წიგნი
        2018-12-17 20076 2018-12-17 2018-12-17 წიგნი